[Event "Milanowek op"]
[Site "Milanowek"]
[Date "2001.??.??"]
[Round "7"]
[White "Lachowski, Adam"]
[Black "Grzelak, Artur"]
[Result "0-1"]
[WhiteElo "2270"]
[BlackElo "2265"]
[PlyCount "148"]
[EventDate "2001.??.??"]
[EventType "swiss"]
[EventRounds "9"]
[EventCountry "POL"]
[SourceTitle "EXT 2003"]
[Source "ChessBase"]
[SourceDate "2002.11.25"]
[SourceVersion "1"]
[SourceVersionDate "2002.11.25"]
[SourceQuality "1"]

1. Nf3 Nf6 2. c4 d6 3. d4 Nbd7 4. Nc3 g6 5. g3 Bg7 6. Bg2 0-0 7. 0-0 c6 8. h3 Qc7 9. e4 e5 10. Be3 Re8 11. Re1 Qa5 12. Rc1 exd4 13. Nxd4 Ne5 14. b3 Ned7 15. Qc2 Qh5 16. Qd1 Nc5 17. Qxh5 gxh5 18. Rcd1 Ncxe4 19. Nxe4 Nxe4 20. Ne2 Bf5 21. Nf4 Bc3 22. Re2 Be5 23. Ree1 Bc3 24. Re2 Be5 25. Ree1 Nc3 26. Rd2 Bxf4 27. gxf4 Re6 28. Kh2 Kf8 29. Bf3 a5 30. Rg1 Ne4 31. Rd4 a4 32. b4 a3 33. b5 Ra5 34. bxc6 bxc6 35. Rb1 Ra6 36. Rb3 Nc5 37. Rb8+ Ke7 38. Rd1 h4 39. Bxc5 dxc5 40. Rb7+ Kf8 41. Rdd7 Rf6 42. Rd8+ Kg7 43. Rbb8 Bg6 44. Rg8+ Kh6 45. Ra8 Rxa8 46. Rxa8 Rxf4 47. Rxa3 Rxc4 48. Bxc6 Rc2 49. Kg2 Kg5 50. Kf3 Bh5+ 51. Kg2 Bg6 52. Kf3 Bf5 53. Be4 Bxe4+ 54. Kxe4 Rxf2 55. Ra8 Rh2 56. Rg8+ Kf6 57. Rc8 Rxa2 58. Rc6+ Kg7 59. Kf4 Ra4+ 60. Kg5 Rc4 61. Rc7 Rc1 62. Kxh4 c4 63. Kg3 c3 64. Kg2 Kg6 65. Rc8 c2 66. Rc7 h6 67. Rc8 Kf5 68. Rc4 Ke5 69. Rc8 h5 70. h4 Ke4 71. Re8+ Kf4 72. Rc8 f5 73. Rc4+ Ke3 74. Rc8 Re1 0-1

[Event "Milanowek op"]
[Site "Milanowek"]
[Date "2001.??.??"]
[Round "5"]
[White "Lachowski, Adam"]
[Black "Kowalewski, Jaroslaw"]
[Result "1-0"]
[WhiteElo "2270"]
[BlackElo "2145"]
[PlyCount "79"]
[EventDate "2001.??.??"]
[EventType "swiss"]
[EventRounds "9"]
[EventCountry "POL"]
[SourceTitle "EXT 2003"]
[Source "ChessBase"]
[SourceDate "2002.11.25"]
[SourceVersion "1"]
[SourceVersionDate "2002.11.25"]
[SourceQuality "1"]

1. Nf3 d5 2. d4 c6 3. c4 Nf6 4. Qc2 e6 5. g3 Be7 6. Bg2 Nbd7 7. 0-0 0-0 8. Nbd2 b6 9. e4 dxe4 10. Nxe4 Nxe4 11. Qxe4 Bb7 12. Rd1 Nf6 13. Qe2 Qc8 14. Bf4 Rd8 15. Rac1 Qd7 16. Ne5 Qe8 17. a3 Rac8 18. b4 Nd7 19. c5 Nxe5 20. Bxe5 b5 21. h4 Rd7 22. Be4 Qd8 23. Bc2 Bf6 24. Qe4 g6 25. Kg2 Bxe5 26. dxe5 Rcc7 27. Rd6 Kg7 28. Qd4 f6 29. exf6+ Kf7 30. Be4 Rxd6 31. cxd6 Rd7 32. Bxc6 Bxc6+ 33. Rxc6 Qxf6 34. Qc5 Qd8 35. Kh2 a5 36. Rc7 Rxc7 37. dxc7 Qc8 38. bxa5 Ke8 39. Qxb5+ Ke7 40. Qc6 1-0

[Event "Warsaw-ch"]
[Site "Warsaw"]
[Date "1997.??.??"]
[Round "5"]
[White "Berezin, Oleg"]
[Black "Lachowski, Adam"]
[Result "1-0"]
[WhiteElo "2445"]
[BlackElo "2205"]
[PlyCount "73"]
[EventDate "1997.??.??"]
[EventType "swiss"]
[EventRounds "9"]
[EventCountry "POL"]
[SourceTitle "EXT 2000"]
[Source "ChessBase"]
[SourceDate "1999.11.16"]
[SourceVersion "1"]
[SourceVersionDate "1999.11.16"]
[SourceQuality "1"]

1. d4 Nf6 2. c4 c5 3. d5 e6 4. Nc3 exd5 5. cxd5 d6 6. Nf3 g6 7. h3 Bg7 8. e4 0-0 9. Bd3 a6 10. a4 Nbd7 11. 0-0 Qc7 12. Re1 c4 13. Bc2 Rb8 14. a5 Re8 15. Be3 Nc5 16. Bd4 Bd7 17. e5 Nh5 18. Bxc5 Qxc5 19. Ne4 Qb4 20. Nxd6 Re7 21. Ba4 Rd8 22. Bxd7 Rexd7 23. Ra4 Qc5 24. Rxc4 Qxa5 25. b4 Qa2 26. Re2 Qa3 27. Qb1 Rxd6 28. exd6 Qa4 29. Re7 Bf6 30. Rxb7 Rxd6 31. Rc8+ Kg7 32. Rcc7 Rxd5 33. Rxf7+ Kg8 34. Qe4 Qc6 35. Rfd7 Rd1+ 36. Kh2 Qxe4 37. Rb8+ 1-0

[Event "Warsaw-ch"]
[Site "Warsaw"]
[Date "1997.??.??"]
[Round "4"]
[White "Lachowski, Adam"]
[Black "Michniewski, Tomasz"]
[Result "1-0"]
[WhiteElo "2205"]
[BlackElo "2295"]
[PlyCount "59"]
[EventDate "1997.??.??"]
[EventType "swiss"]
[EventRounds "9"]
[EventCountry "POL"]
[SourceTitle "EXT 2000"]
[Source "ChessBase"]
[SourceDate "1999.11.16"]
[SourceVersion "1"]
[SourceVersionDate "1999.11.16"]
[SourceQuality "1"]

1. Nf3 Nf6 2. c4 g6 3. g3 Bg7 4. Bg2 0-0 5. 0-0 c5 6. d4 cxd4 7. Nxd4 Nc6 8. c5 d5 9. cxd6 Nxd4 10. dxe7 Qxe7 11. Qxd4 Qxe2 12. Nc3 Qh5 13. h4 Be6 14. Bxb7 Nd5 15. Qa4 Nxc3 16. bxc3 Rab8 17. Qxa7 Bxc3 18. Ba3 Bxa1 19. Bxf8 Be5 20. Be7 Qe2 21. a4 Qb2 22. Bg2 Bc4 23. Rd1 h5 24. Bc5 Qe2 25. Rc1 Rb2 26. Bf1 Qf3 27. Bxc4 Rb7 28. Qa8+ Kh7 29. Ba6 Bxg3 30. Qxb7 1-0